000 00772nam a22002891c 4500
001 ht015778849
008 090909s2008 gw |||| 000u eng d
020 _a9004169571
_990-04-16957-1
041 _aeng
100 1 _aJohnson, Molly Wilkinson
245 0 0 _aTraining socialist citizens :
_bsports and the state in East Germany /
_cby Molly Wilkinson Johnson
264 _aLeiden [u.a.] :
_bBrill,
_c2008
300 _aXIV, 232 S.
648 0 _a1949-1989
650 0 _aDDR
650 0 _aSport
650 0 _aSozialismus
650 0 _aOlympiade
650 0 _aAlltag
650 0 _aGender
650 0 _aMilitär
650 0 _aPropaganda
942 _cMG
040 _cRU-10907106
003 RU-10907106
999 _c20749
_d20749
490 0 _aStudies in central European histories
_v44